| 000 | 01260nam0a22002771 4500 | ||
|---|---|---|---|
| 001 | rc\888984 | ||
| 005 | 20260407082945.0 | ||
| 035 | _a(NLR Aleph) 006065852 | ||
| 090 |
_a4955196 _c4955196 |
||
| 100 | _a20041129d1984 |||y0rusy50 ca | ||
| 101 | 0 | _arus | |
| 102 | _aRU | ||
| 105 | _aa ||||||||| | ||
| 200 | 1 |
_aКалийные соли Припятского прогиба _f[Р.Г. Гарецкий, Э.А. Высоцкий, В.З. Кислик и др.] _gРед. д. г.-м. н. А.В. Кудельский |
|
| 210 |
_aМинск _cНаука и техника _d1984 |
||
| 215 |
_a181 с., 1 л. цв. ил. _cил., цв. ил. _d26 |
||
| 300 | _aВ надзаг.: АН БССР, Ин-т геохимии и геофизики, Упр. геологии БССР, Белорус. н.-и. геол.-развед. ин-т | ||
| 320 | _aБиблиогр.: с. 177-180 | ||
| 701 | 1 |
_aГарецкий _bР.Г. _gРадим Гаврилович |
|
| 702 | 1 |
_aКудельский _bА.В. _gАнатолий Викторович _4340 |
|
| 712 | 0 | 2 |
_aИнститут геохимии и геофизики _cМинск _3RU\NLR\AUTH\889017 _9290543 |
| 801 | 0 |
_aRU _bNLR _gpsbo |
|
| 801 | 1 |
_aRU _bELAR _2rusmarc |
|
| 852 |
_aNLR _j85-7/8 |
||
| 942 | _cBOOK | ||
| 980 | _aNB | ||